| 000 | 00728nam a2200205 i 4500 | ||
|---|---|---|---|
| 001 | 143882 | ||
| 003 | ES-MaACL | ||
| 005 | 20250716062533.0 | ||
| 007 | t| | ||
| 008 | 070214s1959 sp r ||||1| cat d | ||
| 100 | 1 |
_aShakespeare, William, _d1564-1616 _9105992 |
|
| 245 | 1 | 0 |
_aRomeo i Julieta _b: ; Otello ; Macbeth / _cWilliam Shakespeare ; traducció i prefaci per Josep Mª de Sagarra. |
| 260 |
_aBarcelona : _bAlpha, _c1959 ( _fEmporium) |
||
| 300 |
_a383 p., 1 lám. = retr. aut. ; _c21 cm. |
||
| 490 | 1 | _aClassics de tots els temps | |
| 700 | 1 |
_aSagarra, Josep M. de, _d1894-1961 _9101415 |
|
| 830 | 0 |
_aClassics de tots els temps _9187232 |
|
| 852 |
_aES-MaACL _jC-16645 _bR.44908 |
||
| 999 |
_c143882 _d143882 |
||